Citations OSS 117 : Le Caire, nid d'espions - Statistiques

Statistiques générales
  • Ce quiz a été pris 676 fois
  • Le résultat moyen est 12 sur 20
Statistiques - réponses
Personnage(s) Réponse % Correct
OSS 117 à Larmina J'aime me {beurrer} la biscote
99%
Moëller à OSS 117 Bla bla bla bla bla... C'est marrant, c'est toujours les {nazis} qui ont le mauvais rôle... Nous sommes en 1955, Herr Bramard ! On peut avoir une deuxième chance ?! Merci...
94%
OSS 117 Comment est votre {blanquette} ?
88%
OSS 117 à Loktar Tu n'es pas seulement un lâche, tu es un traitre... comme ta petite {taille} le laissait deviner !
86%
La princesse Al Tarouk à OSS 117 Avant de partir sale espion, fais-moi {l'amour} !
85%
OSS 117 à Jack 23 à 0 ! C'est la {piquette} Jack ! Tu sais pas jouer Jack ! T'es mauvais !
84%
OSS 117 à Larmina Eh bien, elle est absolument impeccable.. C'est quand même bien mieux une voiture propre, non ? À l'occasion, je vous mettrai un petit coup de {polish}.
84%
OSS 117 à Larmina Et non pas le {gratin} de pommes de terre ! . Nan, parce que ça ressemble à carotte, Cairote. Le. le légume, puisque vous avez dit {gratin}. {Gratin} de pommes de terre. C'est, c'est une astuce.
83%
OSS 117 à la princesse al Tarouk Et bien comme ça nous sommes quittes puisque de mon côté je ne vous ferrai pas l'amour... Oh bien sûr je pourrais me servir de cet outil. Ceci est un pistolet. Par le passé il a su faire parler beacoup de monde, hommes comme femmes d'ailleurs. Il se {charge} et se dé{charge} comme ceci : {chargé}, dé{chargé}, {chargé}, dé{chargé}, {chargé}, dé{chargé}.
78%
OSS 117 à Larmina Vous savez déjà ce que ça fait un {million}, Larmina ?
71%
OSS 117 à Slimane C'est notre Raïs à nous : c'est monsieur {René} {Coty}. Un grand homme. Il marquera l'Histoire. Il aime les Cochinchinois, les Malgaches, les Marocains, les Sénégalais… c'est donc ton ami. Ce sera ton porte-bonheur.
66%
OSS 117 J'aime me {battre}.
66%
OSS 117 à Larmina Ne pas {fumer} me tue.
46%
OSS 117 J'aime quand on {m'enduit} {d'huile}
36%
OSS 117 à Nasser La famille royale est peut-être dégénérée mais j'peux vous assurer que la princesse Al Tarouk vaut le détour. J'peux vous dire que quand elle s'affaire elle laisse son sang royal au vestiaire ! Mais elle gueule mon vieux ! On dirait une poissonnière de {Ménilmontant} !
36%
OSS 117 à Nasser On est en 1955 les gars, faut se réveiller. Les ânes partout, les djellabas, l'écriture illisible, ça va hein ! {S'agirait} {de} {grandir} ! {S'agirait} {de} {grandir}...
32%
OSS 117 En tout cas, on peut dire que le soviet {éponge}...
24%
OSS 117 à Slimane {Fonce}, Slimane ! {fonce} !!!.
24%
OSS 117 à Larmina J'aime les {panoramas}.
22%
Moëller à OSS 117 J'ai décidé d'appeler cela.... des {enregistroscopes} ! Le temps que les écrans chauffent...
16%
Aucun quiz correspondant
Distribution des résultats
% des personnes avec chaque résultat
Percentile par nombre de réponses
Votre historique - résultats
Vous n’avez pas pris ce quiz